Buteurs du PSG sous l'ère Unai Emery - Statistiques

Statistiques générales
  • Ce quiz a été pris 102 fois
  • Le résultat moyen est 15 sur 22
Statistiques - réponses
BUT(S) NATIONALITÉ POSTE JOUEUR % Correct
89 Uruguay ATT Edinson Cavani
100%
28 Brésil ATT Neymar Jr
99%
20 France ATT Kylian Mbappé
98%
35 Argentine ATT Ángel Di María
92%
15 Allemagne MIL Julian Draxler
88%
6 Brésil DEF Marquinhos
88%
7 France MIL Blaise Matuidi
84%
5 Italie MIL Marco Verratti
84%
7 Brésil DEF Thiago Silva
84%
20 Brésil ATT Lucas Moura
82%
7 Belgique DEF Thomas Meunier
80%
9 France MIL Adrien Rabiot
66%
8 Argentine MIL Javier Pastore
64%
8 France DEF Layvin Kurzawa
64%
2 Italie MIL Thiago Motta
64%
5 Brésil DEF Dani Alves
52%
6 Argentine MIL Giovani Lo Celso
52%
2 Espagne ATT Jesé
52%
7 France ATT Christopher Nkunku
48%
2 Espagne DEF Yuri Berchiche
45%
1 France ATT Jean-Kévin Augustin
29%
4 France MIL Hatem Ben Arfa
21%
Aucun quiz correspondant
Distribution des résultats
% des personnes avec chaque résultat
Percentile par nombre de réponses
Votre historique - résultats
Vous n’avez pas pris ce quiz